LEADER 00510naa a2200133 i 4500 001 000000321356 003 CaOOAMICUS 005 20180831173344.0 008 180831n it u000 u ita u 013 $a31592 040 $aSeMil$bita 245 10$a"Teologia politica"? .Obiezioni di un laico. 773 0 $aPeukert, Helmut <1934- >$tDibattito sulla Teologia politica.$dBrescia : Queriniana, 1971.$kGiornale di teologia$gp.27-60$w()63145 996 $6245$a"Teologia politica"? .Obiezioni di un laico$9(OLS)http://semarc/title/394908 LEADER 00519nab a2200145 i 4500 001 000000310546 003 CaOOAMICUS 005 20180831173016.0 008 180831n xx uu u0 0und r 013 $a19638 040 $aSeMil$bita 100 1 $aManzoni, Cesare .$0(OLS)http://semarc/name/12848 245 14$aGli spropositi del Giovanzana e la dottrina cattolica. 773 0 $t[Gennaio-Giugno].$g423-434,547-558$w()273962 996 $6245$aGli spropositi del Giovanzana e la dottrina cattolica$9(OLS)http://semarc/title/385320